<?xml version="1.0" encoding="UTF-8"?><?xml-stylesheet type="text/xsl" href="static/style.xsl"?><OAI-PMH xmlns="http://www.openarchives.org/OAI/2.0/" xmlns:xsi="http://www.w3.org/2001/XMLSchema-instance" xsi:schemaLocation="http://www.openarchives.org/OAI/2.0/ http://www.openarchives.org/OAI/2.0/OAI-PMH.xsd"><responseDate>2026-04-27T19:54:35Z</responseDate><request verb="GetRecord" identifier="oai:uvadoc.uva.es:10324/25018" metadataPrefix="marc">https://uvadoc.uva.es/oai/request</request><GetRecord><record><header><identifier>oai:uvadoc.uva.es:10324/25018</identifier><datestamp>2021-06-29T17:33:55Z</datestamp><setSpec>com_10324_38</setSpec><setSpec>col_10324_852</setSpec></header><metadata><record xmlns="http://www.loc.gov/MARC21/slim" xmlns:doc="http://www.lyncode.com/xoai" xmlns:xsi="http://www.w3.org/2001/XMLSchema-instance" xmlns:dcterms="http://purl.org/dc/terms/" xsi:schemaLocation="http://www.loc.gov/MARC21/slim http://www.loc.gov/standards/marcxml/schema/MARC21slim.xsd">
<leader>00925njm 22002777a 4500</leader>
<datafield tag="042" ind1=" " ind2=" ">
<subfield code="a">dc</subfield>
</datafield>
<datafield tag="720" ind1=" " ind2=" ">
<subfield code="a">Herguedas López, Luis</subfield>
<subfield code="e">author</subfield>
</datafield>
<datafield tag="260" ind1=" " ind2=" ">
<subfield code="c">2017</subfield>
</datafield>
<datafield tag="520" ind1=" " ind2=" ">
<subfield code="a">El objeto principal de este proyecto es mejorar una explotación agrícola de 80 ha, mediante la puesta en marcha de un regadío de 40,29 ha. Las 40,29 ha están formadas por dos parcelas que no pertenecen a la propia explotación, sino que van a ser adquiridas por el promotor. Esta ampliación se va llevar a cabo puesto que se va a incluir un nuevo miembro como joven agricultor, con lo cual, es necesario una ampliación de la misma. Se pretende instalar un sistema de riego, para ello será necesario dimensionar una nueva red de riego. Además, se construirá una caseta de riego para albergar el grupo electrógeno y el depósito de gasóleo, necesarios para generar la corriente eléctrica que necesita el grupo electrobomba. Con la explotación de este regadío se introducirán nuevos cultivos en la explotación (remolacha de mesa, cebolla, maíz dulce), mejorando considerablemente la rentabilidad de esta.</subfield>
</datafield>
<datafield tag="024" ind2=" " ind1="8">
<subfield code="a">http://uvadoc.uva.es/handle/10324/25018</subfield>
</datafield>
<datafield ind1=" " ind2=" " tag="653">
<subfield code="a">Explotaciones agrícolas- España- Segovia</subfield>
</datafield>
<datafield tag="245" ind1="0" ind2="0">
<subfield code="a">Proyecto de mejora y ampliación de una explotación agrícola, en Perosillo (Segovia)</subfield>
</datafield>
</record></metadata></record></GetRecord></OAI-PMH>